Engineering industries of Japan

Uloženo v:
Podrobná bibliografie
Korporativní autor: Economic Research Institute
Médium: Kniha
Jazyk:Undetermined
Vydáno: Tokyo Economic Research Institute 1973
Témata:
Tagy: Přidat tag
Žádné tagy, Buďte první, kdo otaguje tento záznam!
Thư viện lưu trữ: Trung tâm Học liệu Trường Đại học Cần Thơ
LEADER 00537nam a2200193Ia 4500
001 CTU_96423
008 210402s9999 xx 000 0 und d
082 |a 338.4 
082 |b E57/Aug/1973 
110 |a Economic Research Institute 
245 0 |a Engineering industries of Japan 
245 0 |c Economic Research Institute 
260 |a Tokyo 
260 |b Economic Research Institute 
260 |c 1973 
650 |a Machinery industry 
650 |z Japan 
904 |i Giang 
980 |a Trung tâm Học liệu Trường Đại học Cần Thơ